کسوٹی : (Record no. 191675)
[ view plain ]
| 000 -LEADER | |
|---|---|
| fixed length control field | 00759nam a22001937a 4500 |
| 005 - DATE AND TIME OF LATEST TRANSACTION | |
| control field | 20220831124425.0 |
| 010 ## - LCCN (DPL NO) | |
| LC control number | UR-11692 |
| 020 ## - INTERNATIONAL STANDARD BOOK NUMBER | |
| International Standard Book Number | 9789391238742 |
| Terms of availability | 150.00 |
| 035 ## - SYSTEM CONTROL NUMBER | |
| System control number | U-10247 |
| 037 ## - SOURCE OF ACQUISITION | |
| Source of stock number/acquisition | DBAD/PUB |
| Stock number | - |
| 082 ## - DEWEY DECIMAL CLASSIFICATION NUMBER | |
| Classification number | 808.88 |
| 100 ## - MAIN ENTRY--PERSONAL NAME | |
| Personal name | عبدالحی پیا م انصاری |
| 245 ## - TITLE STATEMENT | |
| Title | کسوٹی : |
| Remainder of title | دبستان گورکھ پور کی پیشکش / |
| Statement of responsibility, etc | عبدالحی پیا م انصاری |
| Medium | ا ر د و |
| 246 ## - VARYING FORM OF TITLE | |
| Title proper/short title | Kasauti : Dabistan-e-Gorakhpur ki Peshkash (collection of Urdu Articles) / |
| Remainder of title | by Abdul Hai Payam Ansari |
| 260 ## - PUBLICATION, DISTRIBUTION, ETC. (IMPRINT) | |
| Place of publication, distribution, etc | New Delhi |
| Name of publisher, distributor, etc | Educational Publishing House |
| Date of publication, distribution, etc | 2021 ء |
| 270 ## - ADDRESS | |
| Address | H.O. D1/16, Ansari Road, Darya Ganj |
| City | New Delhi |
| Postal code | 110002 |
| 300 ## - PHYSICAL DESCRIPTION | |
| Extent | 240 ص |
| Dimensions | 23cm(Hb) |
| 942 ## - ADDED ENTRY ELEMENTS (KOHA) | |
| Source of classification or shelving scheme | Dewey Decimal Classification |
| Item type | Urdu Bks |
| Classification part | 808.88 |
| Call number suffix | ع ب د |
| Withdrawn status | Lost status | Not for loan | Collection code | Home library | Current library | Date acquired | Source of acquisition | Cost, normal purchase price | Full call number | Barcode | Copy number | Cost, replacement price | Koha item type |
|---|---|---|---|---|---|---|---|---|---|---|---|---|---|
| Non-fiction | Sarojini Nagar | Sarojini Nagar | 31/08/2022 | DBAD/PUB | 150.00 | 808.88 ع ب د | U-10247 | 1 | 150.00 | Urdu Bks |
